Inspection in industry (Record no. 437584)

000 -LEADER
fixed length control field 00421cam a22001337a 4500
008 - FIXED-LENGTH DATA ELEMENTS--GENERAL INFORMATION
fixed length control field 180718b1953 xxu||||| |||| 00| 0 eng d
082 ## - DEWEY DECIMAL CLASSIFICATION NUMBER
Classification number T2011 B777
245 ## - TITLE STATEMENT
Title Inspection in industry
Statement of responsibility, etc. by British Productivity Council, India
260 ## - PUBLICATION, DISTRIBUTION, ETC.
Place of publication, distribution, etc. London
Name of publisher, distributor, etc. British Productivity Council
Date of publication, distribution, etc. 1953
300 ## - PHYSICAL DESCRIPTION
Extent x,74p.
650 ## - SUBJECT ADDED ENTRY--TOPICAL TERM
Topical term or geographic name entry element Quality control
650 ## - SUBJECT ADDED ENTRY--TOPICAL TERM
Topical term or geographic name entry element Engineering inspection
700 ## - ADDED ENTRY--PERSONAL NAME
Personal name India. British Productivity Council,
Holdings
Withdrawn status Lost status Damaged status Not for loan Permanent Location Current Location Date acquired Full call number Barcode Date last seen Price effective from Koha item type
        Indian Institute of Public Administration Indian Institute of Public Administration 2010-03-23 T2011 B777 2329 2018-07-21 2018-07-21 Book

Powered by Koha